Detailný pohľad do predajne sa vypláca
Retail audit poskytuje obchodníkom a výrobcom možnosť dôkladne sa oboznámiť so situáciou na trhu v jednotlivých kategóriách a následne stanoviť čo najlepšiu stratégiu predaja.
Salvato in:
| Autore principale: | |
|---|---|
| Natura: | Capitolo di libro |
| Lingua: | slovacco |
| Soggetti: | |
| Tags: |
Nessun Tag, puoi essere il primo ad aggiungerne!!
|
MARC
| LEADER | 00000naa a2200000 4500 | ||
|---|---|---|---|
| 001 | 0206781 | ||
| 005 | 20231011070225.1 | ||
| 041 | 0 | |a slo | |
| 044 | |a SK | ||
| 245 | 1 | 0 | |a Detailný pohľad do predajne sa vypláca |c Veronika Mišíková |
| 520 | |a Retail audit poskytuje obchodníkom a výrobcom možnosť dôkladne sa oboznámiť so situáciou na trhu v jednotlivých kategóriách a následne stanoviť čo najlepšiu stratégiu predaja. | ||
| 610 | 2 | 0 | |a maloobchod |
| 610 | 2 | 0 | |a audit |
| 610 | 2 | 0 | |a správanie spotrebiteľa |
| 610 | 2 | 0 | |a počítače |
| 100 | 1 | |a Mišíková, Veronika | |